Langues celtiques - Statistiques

Statistiques générales
  • Ce quiz a été pris 92 fois
  • Le résultat moyen est 2 sur 6
Statistiques - réponses
Langue % Correct
Breton
98%
Irish
21%
Manx
19%
Welsh
16%
Cornish
9%
Scotish Gaelic
1%
Aucun quiz correspondant
Distribution des résultats
% des personnes avec chaque résultat
Percentile par nombre de réponses
Votre historique - résultats
Vous n’avez pas pris ce quiz